| 000 | 03179nam0a2200433 4500 | ||
|---|---|---|---|
| 001 | RU\NLR\bibl\1693342 | ||
| 005 | 20260407081810.0 | ||
| 010 |
_a978-5-91768-123-8 _bНорма |
||
| 010 |
_a978-5-16-004399-9 _bИнфра-М _91500 |
||
| 021 |
_aRU _b2010-73902 _94904 |
||
| 035 | _a(NLR Aleph) 001684450 | ||
| 090 |
_a1121796 _c1121796 |
||
| 100 | _a20100906d2010 |||y0rusy50 ca | ||
| 101 | 0 | _arus | |
| 102 | _aRU | ||
| 105 | _ay ||||||||| | ||
| 200 | 1 |
_aКонституционное право Российской Федерации _eучебник _f[Адзинова (Хапсирокова) Е.А., Алешкова И.А., Анишина В.И. и др.] _gпод общ. ред. Н.В. Витрука _gРос. акад. правосудия |
|
| 210 |
_aМосква _cНорма _cИнфра-М _d2010 |
||
| 215 |
_a655 с. _d22 |
||
| 300 | _aАвт. указаны на обороте тит. л. | ||
| 320 | _aБиблиогр. в подстроч. примеч. | ||
| 330 | _aУчебник подготовлен коллективом кафедры конституционного права Российской академии правосудия на основе действующей Конституции РФ, новейшего федерального законодательства и законодательства субъектов Российской Федерации, решений и правовых позиций Конституционного Суда РФ. Изложение материала об институтах конституционного права России предваряется общей частью, где, помимо традиционных вопросов теории конституционного права, рассматриваются проблемы сущности конституции, ее функций, а также ее действие и реализация, охрана и защита | ||
| 606 | 1 |
_aКонституционное право _jУчебники для высших учебных заведений _yРоссийская Федерация _92073864 _3RU\NLR\auth\661248813 |
|
| 686 |
_a00730 _aКонституционное право России _2TCC-BG |
||
| 686 |
_a67.400(2Рос)я73 _vLBC/M _2rubbk |
||
| 686 | _aХ620я73 | ||
| 701 | 1 |
_4070 _8rus _7ca _aАдзинова _bЕ. А. _gЕлена Анатольевна _3RU\NLR\auth\7795255 _978181 |
|
| 701 | 1 |
_aАлешкова _bИ. А. _gИрина Александровна _4070 |
|
| 701 | 1 |
_aАнишина _bВ. И. _gВера Ивановна _4070 |
|
| 702 | 1 |
_4340 _8rus _7ca _aВитрук _bН. В. _f1937-2012 _gНиколай Васильевич _3RU\NLR\auth\775197 _9115165 |
|
| 712 | 0 | 2 |
_4570 _aРоссийская академия правосудия _3RU\NLR\AUTH\8810042373 _9584152 |
| 801 | 0 |
_aRU _bЛИБНЕТ _c20100906 _gRCR |
|
| 801 | 1 |
_aRU _bЛИБНЕТ _c20100906 |
|
| 801 | 2 |
_aRU _bВладимирская ОУНБ _c20100920 |
|
| 801 | 2 |
_aRU _bNLR _c20101101 _grcr |
|
| 830 | _aCODE_OF_LIBNET\000054625 | ||
| 942 | _cBOOK | ||
| 980 | _aNB | ||